| 000 | 00791nam a2200265 i 4500 | ||
|---|---|---|---|
| 003 | DO-SdBNP | ||
| 005 | 20250617093457.0 | ||
| 007 | ta | ||
| 008 | 091207s2008 dr 000 0 spa d | ||
| 040 |
_aDO-SdBNP _bspa _cBNPHU _erda |
||
| 082 | 4 |
_axxx _bR426L, 2008 _222 |
|
| 110 | 1 |
_aRepública Dominicana. _956549 |
|
| 240 | 1 | 3 | _a[ Leyes, etc.] |
| 245 | 1 | 0 |
_aLey No. 42-08 sobre la defensa de la competencia : _bG.O. No. 10458, del 25 de enero de 2008 |
| 264 | 1 |
_aSanto Domingo : _bCongreso Nacional, _c2008. |
|
| 300 |
_a38 páginas ; _c21 cm. |
||
| 336 |
_atexto _btxt _2rdacontent |
||
| 337 |
_asin mediación _bn _2rdamedia |
||
| 338 |
_avolumen _bnc _2rdacarrier |
||
| 590 | _aInventariado, 2025/BT | ||
| 650 | _916564 | ||
| 651 | _932031 | ||
| 910 | _aBtavárez | ||
| 942 |
_2ddc _cLF2 |
||
| 999 |
_c59305 _d59305 |
||